| 000 | 01004nas a2200313 4500 | ||
|---|---|---|---|
| 001 | BR0701275 | ||
| 003 | BR-BrBNA | ||
| 005 | 20231205110624.0 | ||
| 007 | ta | ||
| 008 | 230509b bl.|||p| |||| 00| 00por d | ||
| 040 |
_aBR-BrBNA _bpor _cBiblioteca Nacional de Agricultura |
||
| 041 | _a(Pt) | ||
| 072 | _aP34; F60; P36 | ||
| 100 | 1 | _aThibes-Rodrigues, T. | |
| 100 | 1 | _aWisniewski, C. | |
| 100 | 1 | _aBona, C. | |
| 100 | 1 | _aDedecek, R.A. | |
| 100 | 1 | _aSantos, G. de O. | |
| 245 | 1 | _aCaracterização nutricional de branquilho (Sebastiania commersoniana (Baillon)Smith Downs - Euphorbiaceae), cultivado em solo contaminado por petróleo | |
| 650 | _aEUPHORBIACEAE | ||
| 650 | _aDETERIORAÇÃO DO SOLO | ||
| 650 | _aPOLUIÇÃO | ||
| 650 | _aCONTAMINAÇÃO | ||
| 650 | _aCOMPOSIÇÃO QUÍMICA | ||
| 650 | _aADUBAÇÃO | ||
| 773 | 0 |
_tFloresta (Brazil) _xISSN 0015-3826 _g(Sep-Dec 2006), v. 36(3) p. 349-359 _wBR0701275 |
|
| 909 |
_a202311 _bLúcia _c55 _dLúcia Elande |
||
| 942 |
_2AGRIS _n0 _cANA |
||
| 999 |
_c188222 _d188222 |
||